Селекция и семеноводство люцерны в лесостепи Среднего Поволжья (Запись № 13661575)

Подробности
000 -МАРКЕР
контрольное поле 02415nam0a2200397 4500
001 - ИДЕНТИФИКАТОР ЗАПИСИ
контрольное поле RU\NLR\BIBL_A\022285512
005 - ИДЕНТИФИКАТОР ВЕРСИИ
контрольное поле 20260420012820.0
010 ## - МЕЖДУНАРОДНЫЙ СТАНДАРТНЫЙ НОМЕР КНИГИ (ISBN)
Номер (ISBN) 978-5-93424-898-8
Тираж 500
021 ## - НОМЕР ГОСУДАРСТВЕННОЙ РЕГИСТРАЦИИ
Код страны Российская Федерация
Номер КН-П-24-035563
Номер Листа государственной регистраци КН-П-24-3578
035 ## - ДРУГИЕ СИСТЕМНЫЕ НОМЕРА
Идентификатор записи (NLR Aleph) 022285512
100 ## - ДАННЫЕ ОБЩЕЙ ОБРАБОТКИ
Данные общей обработки 20240729d2023 k y0rusy50 ca
101 0# - ЯЗЫК РЕСУРСА
Язык текста, звукозаписи и т.д. русский
102 ## - СТРАНА ПУБЛИКАЦИИ ИЛИ ПРОИЗВОДСТВА
Страна публикации Российская Федерация
105 ## - ПОЛЕ КОДИРОВАННЫХ ДАННЫХ: ТЕКСТОВЫЕ МАТЕРИАЛЫ, МОНОГРАФИЧЕСКИЕ
Кодированные данные о монографическом текстовом документе a z 000yy
181 #0 - ПОЛЕ КОДИРОВАННЫХ ДАННЫХ: ВИД СОДЕРЖАНИЯ
Код вида содержания (ISBD) i3
Код характеристики содержания (ISBD) axxe
182 #0 - ПОЛЕ КОДИРОВАННЫХ ДАННЫХ: ТИП СРЕДСТВА
Код типа средства (ISBD) n - непосредственное
200 1# - ЗАГЛАВИЕ И СВЕДЕНИЯ ОБ ОТВЕТСТВЕННОСТИ
Основное заглавие Селекция и семеноводство люцерны в лесостепи Среднего Поволжья
Сведения, относящиеся к заглавию монография
Первые сведения об ответственности к. с.-х. н. И. А. Володина, к. с.-х. н. А. В. Казарина, И. С. Абраменко
Последующие сведения об ответственности Федеральное государственное бюджетное учреждение науки Самарский федеральный исследовательский центр Российской академии наук, Поволжский научно-исследовательский институт селекции и семеноводства им. П. Н. Константинова
203 ## - ВИД СОДЕРЖАНИЯ И ТИП СРЕДСТВА
Вид содержания Текст
Дополнительные сведения об издании визуальный
Тип средства непосредственный
210 ## - ПУБЛИКАЦИЯ, РАСПРОСТРАНЕНИЕ И ДР.
Место издания, распространения и т.д. Самара
Имя издателя, распространителя и т. д. Изд-во СНЦ
Дата издания, распространения и т.д. 2023
215 ## - ФИЗИЧЕСКАЯ ХАРАКТЕРИСТИКА
Специфическое обозначение материала и объем 130 с.
Другие сведения о физической характеристике ил., цв. ил., табл.
Размеры 21
300 ## - ОБЩИЕ ПРИМЕЧАНИЯ
Текст примечания Авт. указаны на обороте тит. с.
320 ## - ПРИМЕЧАНИЯ О НАЛИЧИИ В ДОКУМЕНТЕ БИБЛИОГРАФИИ / УКАЗАТЕЛЯ
Текст примечания Библиогр.: с. 121-128 (141 назв.)
606 1# - НАИМЕНОВАНИЕ ТЕМЫ КАК ПРЕДМЕТ
Наименование темы Люцерна
Тематический подзаголовок Селекция адаптивная
Географический подзаголовок Поволжье Среднее
Системный номер авторитетной/нормативной записи 2598326
Идентификатор авторитетной/нормативной записи RU\NLR\AUTH\6601744375
606 1# - НАИМЕНОВАНИЕ ТЕМЫ КАК ПРЕДМЕТ
Наименование темы Люцерна
Тематический подзаголовок Семеноводство
Географический подзаголовок Поволжье Среднее
Системный номер авторитетной/нормативной записи 2598328
Идентификатор авторитетной/нормативной записи RU\NLR\AUTH\6601744376
686 1# - ИНДЕКСЫ ДРУГИХ КЛАССИФИКАЦИЙ
Индекс П223.2-31(2Р354,2)
686 1# - ИНДЕКСЫ ДРУГИХ КЛАССИФИКАЦИЙ
Индекс П223.2-37(2Р354,2)
700 #1 - ИМЯ ЛИЦА - ПЕРВИЧНАЯ ОТВЕТСТВЕННОСТЬ
Начальный элемент ввода Володина
Часть имени, кроме начального элемента ввода И. А.
Расширение инициалов личного имени Ирина Александровна
701 #1 - ИМЯ ЛИЦА - АЛЬТЕРНАТИВНАЯ ОТВЕТСТВЕННОСТЬ
Начальный элемент ввода Казарина
Часть имени, кроме начального элемента ввода А. В.
Расширение инициалов личного имени Александра Владимировна
701 #1 - ИМЯ ЛИЦА - АЛЬТЕРНАТИВНАЯ ОТВЕТСТВЕННОСТЬ
Начальный элемент ввода Абраменко
Часть имени, кроме начального элемента ввода И. С.
Расширение инициалов личного имени Ирина Степановна
712 02 - НАИМЕНОВАНИЕ ОРГАНИЗАЦИИ - ВТОРИЧНАЯ ОТВЕТСТВЕННОСТЬ
Код отношения Прочие
Начальный элемент ввода Поволжский НИИ селекции и семеноводства им. П. Н. Константинова
Идентифицирующий признак п.г.т. Усть-Кинельский, Самарская обл.
Системный номер авторитетной/нормативной записи 792993
Идентификатор авторитетной/нормативной записи RU\NLR\AUTH\8810149209
942 ## - ДОПОЛНИТЕЛЬНЫЕ ЭЛЕМЕНТЫ ЗАПИСИ (АБИС)
Тип экземпляра АБИС Книга
980 ## - КОЛЛЕКЦИЯ
Название коллекции Национальная библиография

Нет доступных экземпляров.